000 00482nam a22001937a 4500
003 OSt
005 20210915163920.0
008 210915b |||||||| |||| 00| 0 eng d
020 _a0787910090
040 _cHAWASSA UNIVERSITY
050 _a37072/MER
082 _a370.72/MER
100 _aMERRIAM B. SHARAN
_94208
245 _aQualitive Research and Case Study Applications in Education
260 _c1998
300 _axviii/275
504 _aIndex
942 _2ddc
_cBOOKS
_n0
999 _c4281
_d4281